Score 0/20 Timer 04:00
1 Play Today
Player More or Fewer % Correct
Michael Jordan???
89.7%
Kareem Abdul-Jabbar???
79.7%
Yogi Berra???
79.5%
Emmitt Smith???
75.8%
John Havlicek???
72.2%
Terry Bradshaw???
70.5%
Joe Montana???
68.2%
Mario Lemieux???
63.7%
Phil Rizzuto???
62.3%
Henri Richard???
59%
Player More or Fewer % Correct
Mike Bossy???
58.4%
Bernie Williams???
57.3%
Shaquille O'Neal???
57.2%
Mark Messier???
54.1%
Roger Maris???
52.6%
Herb Adderley???
47.7%
Forrest Gregg???
46.3%
Robert Parish???
45.4%
Eddie Collins???
42.7%
Wayne Gretzky???
37.9%
Remove Ads.
Support Sporcle.
Get the best of Sporcle when you Go Orange. This ad-free experience offers more features, more stats, and more fun while also helping to support Sporcle. Thank you for becoming a member.

You're not logged in!

Compare scores with friends on all Sporcle quizzes.
OR
Log In

Sporcle TV

Today on Sporcle TV


Watch our educational content, quiz creation guides, and fun videos on Sporcle TV.

Show Comments

Extras

Top Quizzes Today


Score Distribution

Paid Content

Your Account Isn't Verified!

In order to create a playlist on Sporcle, you need to verify the email address you used during registration. Go to your Sporcle Settings to finish the process.

Report this User

Report this user for behavior that violates our Community Guidelines.

Details: